00466nam a2200169Ia 450000500170000000800410001702000150005808200130007310000140008624500160010026000360011630000120015265000140016494200060017895200970018499900150028120240607052425.0240331s9999 xx 000 0 und d a0156695006 bAREa363 aArendt, H 0aOn violence aSan DiegobA Harvest Bookc1970 a106 p., aViolence  cL 001040708LaWERCLbWERCLcSSCd2024-03-31l0o 363.3 AREp4420r2024-03-31w2024-03-31yL c2879d2879